| 000 | 00701nam a2200205 a 4500 | ||
|---|---|---|---|
| 001 | 000032610 | ||
| 005 | 20200930065732.0 | ||
| 008 | 110719s1992 dr 000 0 spa d | ||
| 040 |
_aDO-SdBNP _bspa _cBNPHU |
||
| 100 | 1 |
_aMarmolejos, Nélsida _916080 |
|
| 245 | 1 | 0 |
_aAPD A la nación dominicana / _cNélsida Marmolejos, Max Puig, Vicente Bengoa. |
| 246 | 1 | 3 | _aA la Nación Dominicana |
| 260 |
_aSanto Domingo : _bAPD, _c1992. |
||
| 300 |
_a26 p. ; _c21 cm. |
||
| 500 | _aDiscursos pronunciados el día 2 de agosto de 1992 | ||
| 590 | _aInventariado, 2019/VM | ||
| 700 | 1 |
_aPuig, Max _935839 |
|
| 700 | 1 |
_aBengoa, Vicente _958519 |
|
| 710 | 2 |
_aAlianza por la Democracia (República Dominicana) _958520 |
|
| 999 |
_c32101 _d32101 |
||